| 000 | 00866nam a22002177a 4500 | ||
|---|---|---|---|
| 005 | 20250507121351.0 | ||
| 008 | 250507b |||||||| |||| 00| 0 eng d | ||
| 037 | _cTB | ||
| 040 |
_aCRL _cCRL |
||
| 041 |
_2hin _ahin |
||
| 084 |
_aO152,1x, Q7 _qCRL |
||
| 100 |
_aदत्त, कुबेर _9754928 |
||
| 245 | _aबचा हुआ नमक लेकर | ||
| 260 |
_aगाज़ियाबाद, भारत: _bनवारुण, _c2017. |
||
| 300 | _a115पृ0 | ||
| 365 |
_b110.00 _cINR |
||
| 650 | _aहिन्दी कविता | ||
| 650 | _aहिन्दी साहित्य | ||
| 942 |
_2CC _cTB _hO152,1x, Q7 _n0 |
||
| 999 |
_c1312971 _d1312971 |
||